000 00962pam a2200277 a 4500
001 4802143
003 NUST - PNEC
005 20170116181022.0
008 880629s1989 nyua 000 0 eng
010 _a 88022702
020 _a0070378630
020 _a0070991782
040 _aDLC
_cDLC
_dDLC
050 0 0 _aTJ265
_b.L55 1989
082 0 0 _a621.4021076 LIL
100 1 _aLiley, P. E.
245 1 0 _a2000 solved problems in mechanical engineering thermodynamics /
_cby Peter E. Liley.
260 _aNew York :
_bMcGraw-Hill,
_cc1989.
300 _av, 406 p. :
_bill. ;
_c28 cm.
440 0 _aSchaum's solved problems series
650 0 _aThermodynamics
_xProblems, exercises, etc.
_xME
740 0 _aTwo thousand solved problems in mechanical engineering thermodynamics.
906 _a7
_bcbc
_corignew
_d1
_eocip
_f19
_gy-gencatlg
942 _2ddc
_cBK
999 _c67455
_d67455